000 00885nam a2200253Ia 4500
003 OSt
005 20220923213449.0
006 a|||||r|||| 00| 0
007 ta
008 220922b |||||||| |||| 00| 0 hin d
024 _a162,209
037 _cTextual
040 _aARTS
_cARTS
_bhin
041 _2hin
_ahin
082 _aO152,2N05x, K4;L2
100 _aवर्मा, रामकुमार
245 0 _aमयूर पंख
_b इक्कीसं बहुरंगी एकांकी
246 _aMayūr pankha: ikkīsan bahurangī ekāankī
250 _aसंस्क0 2
260 _aइलाहाबाद
_b साहित्य भावन
_c1972
650 _aहिन्दी साहित्य
_9156264
942 _hO152,2N05x, K4;L2
_cTEXL
_2CC
999 _c316710
_d316710